000 00317nam a2200133Ia 4500
008 191201s2011 xx 000 0 und d
100 _aKUMAR, D S
245 0 _aThermal Science and Engineering
250 _aRep
260 _c2011
_bS. K. Kataria & Sons
_aN. Delhi
300 _a763
650 _aME
942 _2ddc
_cBB
999 _c7495
_d7495